000 00889cab a2200253 4500
001 ABS49135
008 090401t1993 xxu||||| |||| 00| 0 eng d
035 _a(Sirsi) u70158
041 _aeng
100 _aWilliams, B.
245 _aWhat a performance!
260 _c1993
350 _a0
490 _aProperty Management
_v11(3) Summer 1993, 190-198(9)
520 _aDiscusses the concept of performance and its applications in property and building, and considers what must be done to facilitate the measurement which clearly is a condition precedent to understanding and improving performance of property.
650 _aCAPITAL EXPENDITURE
650 _aFACILITIES MANAGEMENT
_96240
650 _aLIFE CYCLE COSTING
650 _aPERFORMANCE MEASUREMENT
650 _aVALUE ENGINEERING
690 _aCOMMERCIAL PROPERTY-MANAGEMENT
942 _n0
948 _c04/03/1997
999 _c44137
_d44137